Wszystkie Drużyny Fortuna 1 Ligi 2021-22 - Statystyki

Ogólne statystyki
  • Ten quiz został rozwiązany 61 razy
  • Średni wynik to 12 z 18
Statystyki odpowiedzi
Drużyna % Poprawnych
Widzew Łódź
85%
Arka Gdynia
83%
ŁKS Łódź
81%
Podbeskidzie
78%
Korona Kielce
76%
Miedź Legnica
74%
Chrobry Głogów
72%
GKS Katowice
70%
GKS Tychy
70%
Zagłębie Sosnowiec
67%
Puszcza Niepołomice
63%
Stomil Olsztyn
61%
Resovia
59%
Odra Opole
57%
Sandecja
57%
GKS Jastrzębie
48%
Górnik Polkowice
43%
Skra Częstochowa
43%
Nie znaleziono quizów pasujących do podanych kryteriów
Rozkład punktacji
Procent ludzi z każdym wynikiem
Percentyl według liczby udzielonych odpowiedzi
Twoja historia wyników
Nie rozwiązałeś tego quizu